000 00642nam a2200193 i 4500
001 32394
003 ES-MaACL
005 20250806062524.0
007 t|
008 030131s1972 sp ||||1| spa d
100 1 _aBenito Ruano, Eloy.
_927689
245 1 0 _aAportaciones de Madrid a la guerra de Granada /
_cpor Eloy Benito Ruano.
260 _aMadrid :
_b[Instituto de Estudios Madrileños],
_c1972.
300 _a89 p. ;
_c25 cm.
500 _aEs separata de: Anales del Instituto de Estudios Madrileños, t. VIII.
710 2 _aInstituto de Estudios Madrileños
_94916
852 _aES-MaACL
_jE-6473
_bR.91103
999 _c32394
_d32394